Puteri kelapa gading

Bibliographic Details
Main Author: Mohamad Sobri bin Jaafar
Format: Book
Published: Selangor : Penerbit Orkid , 2004
Series:Siri cerita klasik
Subjects:

MARC

LEADER 00000cam a2200000 7i4500
001 0000003312
005 20151222.0
008 070718
020 |a 9838913669 
020 |a 9838913723(set) 
090 0 0 |a JF   |b CT MAL (4057) 
100 0 |a Mohamad Sobri bin Jaafar 
245 1 0 |a Puteri kelapa gading   |c Mohamad Sobri bin Jaafar 
260 |a Selangor :   |b Penerbit Orkid ,   |c 2004 
440 |a Siri cerita klasik 
500 |a Children ages 7-9 years old (orange) 
650 0 |a Junior fiction   |x Classic tales   |x Malay fiction 
999 |a 0000858802   |b Book   |c Children Collection   |e Cawangan Mersing 
999 |a 0000914084   |b Book   |c Teenagers   |e Cawangan Bandar Tenggara 
999 |a 0000920523   |b Book   |c Children Collection   |e Cawangan Bukit Gambir 
999 |a 0000920524   |b Book   |c Children Collection   |e Cawangan Bukit Gambir 
999 |a 0000920525   |b Book   |c Children Collection   |e Cawangan Bukit Gambir 
999 |a 0000929690   |b Book   |c Children Collection   |e Cawangan Tangkak 
999 |a 0000929692   |b Book   |c Children Collection   |e Cawangan Tangkak 
999 |a 0000971218   |b Book   |c Children Collection   |e Perbadanan Perpustakaan Awam Johor 
999 |a 0000971219   |b Book   |c Children Collection   |e Cawangan Taman Universiti 
999 |a 0000971222   |b Book   |c Children Collection   |e Perbadanan Perpustakaan Awam Johor